[Event "chess.com SpeedChess Q2Sw"]
[Site "chess.com INT"]
[Date "2022.11.12"]
[Round "5"]
[White "Lakshmi, C"]
[Black "Janaszak, Dawid"]
[Result "0-1"]
[WhiteTitle "WFM"]
[BlackTitle "FM"]
[WhiteElo "1956"]
[BlackElo "2322"]
[WhiteFideId "25035347"]
[BlackFideId "1119206"]
[EventDate "2022.11.12"]

1. e4 c5 2. Nf3 Nc6 3. d4 cxd4 4. Nxd4 g6 5. Be3 Bg7 6. Nc3 Nf6 7. Bc4 O-O 8.
Bb3 Re8 9. O-O d6 10. f3 Na5 11. Nd5 Nxb3 12. axb3 Nxd5 13. exd5 Bd7 14. c4 a6
15. b4 Qc7 16. Qb3 e6 17. Rfc1 exd5 18. cxd5 Qb6 19. Nf5 Rxe3 20. Qxe3 Qxe3+ 21.
Nxe3 Bxb2 22. Nc4 Bxc1 23. Rxc1 Rc8 24. Rc2 Bf5 0-1

[Event "chess.com SpeedChess Q2Sw"]
[Site "chess.com INT"]
[Date "2022.11.12"]
[Round "5"]
[White "Al-Tarboush, Ward"]
[Black "Walentukiewicz, Michal"]
[Result "1-0"]
[WhiteTitle "FM"]
[BlackTitle "CM"]
[WhiteElo "2238"]
[BlackElo "2088"]
[WhiteFideId "7601450"]
[BlackFideId "1126903"]
[EventDate "2022.11.12"]

1. e4 c5 2. Nf3 g6 3. d4 Bg7 4. d5 d6 5. Bd3 Nf6 6. Nc3 O-O 7. O-O e6 8. Re1
exd5 9. exd5 Na6 10. Bxa6 bxa6 11. Bg5 h6 12. Bh4 g5 13. Bg3 Nh5 14. Nd2 Rb8 15.
Nc4 Nxg3 16. hxg3 Rb4 17. Qd3 a5 18. a3 Rb8 19. a4 Ba6 20. Nb5 Bxb5 21. axb5
Rxb5 22. Nxd6 Rxb2 23. Nf5 Rb4 24. Nxg7 Kxg7 25. c4 a4 26. d6 Qf6 27. d7 Rd8 28.
Rad1 Rb7 29. Qa3 Rbxd7 30. Rxd7 Rxd7 31. Qxa4 Re7 32. Rf1 Qd4 33. Rd1 Qb2 34.
Qc6 Qf6 35. Qxc5 Qb6 36. Qxe7 1-0

[Event "chess.com SpeedChess Q2Sw"]
[Site "chess.com INT"]
[Date "2022.11.12"]
[Round "5"]
[White "Barria Zuniga, Daniel"]
[Black "Eljanov, Pavel"]
[Result "0-1"]
[WhiteTitle "IM"]
[BlackTitle "GM"]
[WhiteElo "2341"]
[BlackElo "2706"]
[WhiteFideId "3400816"]
[BlackFideId "14102951"]
[EventDate "2022.11.12"]

1. c4 h5 2. g3 h4 3. Bg2 d6 4. Nc3 e5 5. Nf3 h3 6. Bf1 c5 7. e3 Nc6 8. d3 Be7 9.
Be2 Nf6 10. O-O d5 11. cxd5 Nxd5 12. Bd2 O-O 13. a3 Be6 14. Rc1 Rc8 15. Re1 Qd7
16. Qa4 a6 17. Nxd5 Bxd5 18. b4 b5 19. Qxa6 Ra8 20. Qxb5 Rfb8 21. Nxe5 Qc7 22.
Nxc6 Rxb5 23. Nxe7+ Qxe7 24. d4 c4 0-1

[Event "chess.com SpeedChess Q2Sw"]
[Site "chess.com INT"]
[Date "2022.11.12"]
[Round "5"]
[White "Erdogdu, Mert"]
[Black "Molenda, Marcin"]
[Result "1-0"]
[WhiteTitle "GM"]
[BlackTitle "FM"]
[WhiteElo "2413"]
[BlackElo "2381"]
[WhiteFideId "6301495"]
[BlackFideId "1173065"]
[EventDate "2022.11.12"]

1. e4 c5 2. Nf3 e6 3. d4 cxd4 4. Nxd4 a6 5. c4 Qc7 6. Nc3 Nf6 7. a3 d6 8. Be3
Nbd7 9. Be2 g6 10. O-O Bg7 11. Qd2 O-O 12. Rfc1 Re8 13. f3 b6 14. Rc2 Bb7 15.
Rd1 Rad8 16. Bf1 Qb8 17. b4 d5 18. exd5 exd5 19. cxd5 Nxd5 20. Nxd5 Bxd5 21.
Bxa6 Qa8 22. Bb5 Qxa3 23. Bg5 f6 24. Bh4 Bf7 25. Nc6 Rc8 26. Qxd7 Qxb4 27. Nxb4 1-0

[Event "chess.com SpeedChess Q2Sw"]
[Site "chess.com INT"]
[Date "2022.11.12"]
[Round "5"]
[White "Guo, Yu Han"]
[Black "Jegorovas, Aleksandras"]
[Result "0-1"]
[WhiteTitle "WFM"]
[BlackTitle "FM"]
[WhiteElo "1923"]
[BlackElo "2270"]
[WhiteFideId "2623870"]
[BlackFideId "12801950"]
[EventDate "2022.11.12"]

1. d4 Nf6 2. c4 e6 3. Nc3 Bb4 4. e3 O-O 5. Ne2 c6 6. a3 Ba5 7. b4 Bc7 8. Ng3 d5
9. cxd5 exd5 10. Bd3 Nbd7 11. O-O Re8 12. Re1 a6 13. Bc2 Nf8 14. f3 h5 15. Bb2
h4 16. Nge2 Qd6 17. g3 Rxe3 18. Nf4 Rxe1+ 19. Qxe1 Ne6 20. Bc1 Nxd4 21. Bd3
Nxf3+ 0-1

[Event "chess.com SpeedChess Q2Sw"]
[Site "chess.com INT"]
[Date "2022.11.12"]
[Round "5"]
[White "Yang, Kevin"]
[Black "Aradhya, Garg"]
[Result "1/2-1/2"]
[BlackTitle "FM"]
[WhiteElo "2082"]
[BlackElo "2289"]
[WhiteFideId "30908485"]
[BlackFideId "25006746"]
[EventDate "2022.11.12"]

1. d4 d5 2. Nc3 Nf6 3. Bf4 c5 4. e3 cxd4 5. exd4 Bg4 6. f3 Bd7 7. Nb5 Bxb5 8.
Bxb5+ Nc6 9. c3 e6 10. Ne2 Rc8 11. O-O Be7 12. Nc1 O-O 13. Qe2 Qb6 14. Be3 Rfe8
15. Ba4 e5 16. dxe5 Bc5 17. Bxc5 Qxc5+ 18. Qf2 Qxf2+ 19. Kxf2 Rxe5 20. Nd3 Rh5
21. h3 d4 22. Bxc6 Rxc6 23. cxd4 Rd6 24. Rac1 1/2-1/2

[Event "chess.com SpeedChess Q2Sw"]
[Site "chess.com INT"]
[Date "2022.11.12"]
[Round "5"]
[White "Demidov, Mikhail"]
[Black "Jobava, Baadur"]
[Result "1/2-1/2"]
[WhiteTitle "GM"]
[BlackTitle "GM"]
[WhiteElo "2568"]
[BlackElo "2578"]
[WhiteFideId "4197143"]
[BlackFideId "13601520"]
[EventDate "2022.11.12"]

1. Nf3 d5 2. d4 Nf6 3. Bf4 c5 4. dxc5 e6 5. e3 Bxc5 6. Be2 Nc6 7. O-O O-O 8. c4
dxc4 9. Bxc4 a6 10. Nc3 b5 11. Bb3 Bb7 12. Rc1 Be7 13. Qe2 Qb6 14. Rfd1 Rfd8 15.
h3 h6 16. Bc2 Rxd1+ 17. Rxd1 Rd8 18. Rxd8+ Qxd8 19. a3 b4 20. axb4 Nxb4 21. Bb1
a5 22. Qd2 Qa8 23. Qd1 Nfd5 24. Be5 Bf8 25. Nxd5 Bxd5 26. Bc3 Qb7 27. Ne1 1/2-1/2

[Event "chess.com SpeedChess Q2Sw"]
[Site "chess.com INT"]
[Date "2022.11.12"]
[Round "5"]
[White "Sreyas, Payyappat"]
[Black "Shuvalova, Polina"]
[Result "0-1"]
[WhiteTitle "FM"]
[BlackTitle "IM"]
[WhiteElo "2145"]
[BlackElo "2492"]
[WhiteFideId "46674969"]
[BlackFideId "24171760"]
[EventDate "2022.11.12"]

1. e4 c5 2. Nf3 Nc6 3. d4 cxd4 4. Nxd4 Nf6 5. Nc3 e6 6. Ndb5 Bc5 7. Nd6+ Ke7 8.
Bf4 e5 9. Nf5+ Kf8 10. Be3 Bb4 11. a3 Bxc3+ 12. bxc3 d5 13. Bc5+ Kg8 14. Bb5
Bxf5 15. exf5 Qa5 16. Qd3 e4 17. Qe3 Qxb5 18. Kd2 Ng4 19. Qg3 Qxc5 20. Qxg4
Qxf2+ 21. Kc1 h5 22. Qg5 f6 23. Qd2 Qxd2+ 24. Kxd2 Ne5 0-1

[Event "chess.com SpeedChess Q2Sw"]
[Site "chess.com INT"]
[Date "2022.11.12"]
[Round "5"]
[White "Harikrishna, Pentala"]
[Black "Matinian, Nikita"]
[Result "1-0"]
[WhiteTitle "GM"]
[BlackTitle "GM"]
[WhiteElo "2715"]
[BlackElo "2425"]
[WhiteFideId "5007003"]
[BlackFideId "24129100"]
[EventDate "2022.11.12"]

1. Nf3 Nf6 2. g3 g6 3. Bg2 Bg7 4. d4 O-O 5. O-O d6 6. b3 a5 7. a4 Na6 8. Bb2 c6
9. Nbd2 Bf5 10. Re1 Qc8 11. e4 Bh3 12. Nc4 Bxg2 13. Kxg2 Qc7 14. Qe2 Nd7 15. e5
d5 16. Ne3 e6 17. h4 c5 18. c3 h5 19. g4 hxg4 20. Nxg4 Rac8 21. Rac1 cxd4 22.
cxd4 Qb6 23. Qe3 Nb4 24. Rh1 Rxc1 25. Rxc1 Nc6 26. Ba3 Re8 27. Nh6+ Bxh6 28.
Qxh6 Nxd4 29. Ng5 1-0

[Event "chess.com SpeedChess Q2Sw"]
[Site "chess.com INT"]
[Date "2022.11.12"]
[Round "5"]
[White "Boros, Denes"]
[Black "Danielyan, Vahe"]
[Result "1/2-1/2"]
[WhiteTitle "GM"]
[BlackTitle "IM"]
[WhiteElo "2402"]
[BlackElo "2307"]
[WhiteFideId "722340"]
[BlackFideId "13304828"]
[EventDate "2022.11.12"]

1. e4 d5 2. exd5 Qxd5 3. Nc3 Qe5+ 4. Nge2 c6 5. d4 Qa5 6. Bd2 Nf6 7. Ne4 Qd8 8.
Ng5 h6 9. Nf3 Bg4 10. Ne5 Nbd7 11. Nxg4 Nxg4 12. Nf4 Ngf6 13. Qf3 e6 14. O-O-O
Bd6 15. h4 Qc7 16. g4 O-O-O 17. Bg2 Nb6 18. g5 Nfd5 19. Nxd5 cxd5 20. Kb1 Nc4
21. Bc1 Kb8 22. Rd3 Rc8 23. Rc3 Na3+ 24. Ka1 Nxc2+ 25. Kb1 Na3+ 26. Ka1 Nc2+ 27.
Kb1 Na3+ 28. Ka1 Nc2+ 1/2-1/2

[Event "chess.com SpeedChess Q2Sw"]
[Site "chess.com INT"]
[Date "2022.11.12"]
[Round "5"]
[White "Kalogridis, Antonios"]
[Black "Atakishiyev, Elmar"]
[Result "0-1"]
[WhiteTitle "FM"]
[BlackTitle "FM"]
[WhiteElo "2293"]
[BlackElo "2303"]
[WhiteFideId "25833901"]
[BlackFideId "13410547"]
[EventDate "2022.11.12"]

1. Nf3 Nf6 2. c4 g6 3. Nc3 Bg7 4. e4 d6 5. d4 O-O 6. Be2 e5 7. O-O Nc6 8. d5 Ne7
9. Bg5 Nd7 10. Qd2 f5 11. Bh6 Nf6 12. Bxg7 Kxg7 13. exf5 gxf5 14. Ng5 Ng6 15. g3
Qe7 16. h4 h6 17. Nf3 f4 18. Bd3 Bg4 19. Nh2 Bh3 20. Rfe1 Qf7 21. Ne4 Nh5 22. g4
Nxh4 23. gxh5 Qxh5 24. f3 Qg6+ 25. Ng4 Nxf3+ 26. Kh1 Nxd2 27. Nef2 Qh5 0-1

[Event "chess.com SpeedChess Q2Sw"]
[Site "chess.com INT"]
[Date "2022.11.12"]
[Round "5"]
[White "Tasdogen, Dincer"]
[Black "Veiga, Jose Francisco R P Neves"]
[Result "1-0"]
[WhiteTitle "FM"]
[BlackTitle "IM"]
[WhiteElo "2303"]
[BlackElo "2393"]
[WhiteFideId "6367097"]
[BlackFideId "1930087"]
[EventDate "2022.11.12"]

1. Nf3 g6 2. e4 Bg7 3. d4 d6 4. Nc3 Nc6 5. h3 Nf6 6. Be2 O-O 7. O-O e5 8. dxe5
dxe5 9. Be3 Be6 10. Ng5 Qe7 11. Nxe6 Qxe6 12. Nd5 Rfd8 13. Bg5 Ne7 14. Nxe7+
Qxe7 15. Qc1 Rd4 16. Bd3 Qd6 17. Re1 Nd7 18. Be3 Rb4 19. a3 Ra4 20. b3 Ra5 21.
b4 Ra6 22. Bxa6 Qxa6 23. c4 Qc6 24. Qc2 Nf6 25. Bg5 Nh5 26. Rad1 h6 27. Be3 g5
28. b5 Qe6 29. c5 g4 30. hxg4 Qxg4 31. Qe2 Qg6 32. Qf3 Bf6 33. Qf5 Qxf5 34. exf5
Ng7 35. g4 h5 36. f3 hxg4 37. fxg4 Be7 38. Rd7 Bh4 39. Red1 a6 40. b6 cxb6 41.
cxb6 Rb8 42. Bc5 e4 43. Bd6 Rc8 44. Rxb7 Rc2 45. Rc7 Bf2+ 46. Kf1 Rb2 47. Be5
Ra2 48. b7 e3 49. b8=Q+ Kh7 50. Bb2 Bg3 51. Rd8 Kh6 52. Rc6+ Kg5 53. Qxg3 Rxb2
54. Qxe3+ 1-0

[Event "chess.com SpeedChess Q2Sw"]
[Site "chess.com INT"]
[Date "2022.11.12"]
[Round "5"]
[White "Bilan, Danila"]
[Black "Yanchenko, Roman"]
[Result "0-1"]
[WhiteTitle "FM"]
[BlackTitle "FM"]
[WhiteElo "2303"]
[BlackElo "2467"]
[WhiteFideId "24161918"]
[BlackFideId "4137329"]
[EventDate "2022.11.12"]

1. d4 d5 2. Nf3 Bf5 3. c4 c6 4. Nc3 e6 5. e3 Nf6 6. Bd3 Bg6 7. Ne5 Nbd7 8. f4
dxc4 9. Bxc4 Nxe5 10. fxe5 Nd5 11. O-O Be7 12. Qf3 O-O 13. Rd1 b5 14. Bd3 Bxd3
15. Rxd3 f5 16. exf6 Rxf6 17. Qe2 Nxc3 18. bxc3 Qd5 19. e4 Qc4 20. Bg5 Rf7 21.
Bxe7 Rxe7 22. Rf1 a5 23. e5 b4 24. Qd2 c5 25. d5 exd5 26. Rxd5 bxc3 27. Rd8+ Re8
28. Rxe8+ Rxe8 29. Qd7 Qe6 30. Qc7 Qd5 31. e6 Qxe6 32. Qxc5 Rc8 33. Qa7 c2 0-1

[Event "chess.com SpeedChess Q2Sw"]
[Site "chess.com INT"]
[Date "2022.11.12"]
[Round "5"]
[White "Donchenko, Alexander"]
[Black "Costello, Alexander"]
[Result "1-0"]
[WhiteTitle "GM"]
[BlackTitle "IM"]
[WhiteElo "2645"]
[BlackElo "2224"]
[WhiteFideId "24603295"]
[BlackFideId "2099659"]
[EventDate "2022.11.12"]

1. Nf3 Nf6 2. g3 d5 3. Bg2 Bg4 4. h3 Bxf3 5. Bxf3 c6 6. O-O Nbd7 7. d3 e6 8. Bg2
h5 9. Bg5 Be7 10. c4 Qb6 11. Qb3 Nc5 12. Qc2 dxc4 13. dxc4 Nfd7 14. Be3 Qc7 15.
b4 Bf6 16. Nc3 Na6 17. a3 O-O 18. Rad1 Rad8 19. Ne4 Be7 20. h4 Ne5 21. Bf4 f6
22. Rd3 Nb8 23. Rfd1 Rxd3 24. exd3 g5 25. hxg5 fxg5 26. Nxg5 Bxg5 27. Bxg5 Nf3+
28. Bxf3 Rxf3 29. d4 Rf5 30. Bf4 Qd8 31. d5 cxd5 32. cxd5 Rxd5 33. Qg6+ Kf8 34.
Bh6+ Ke7 35. Bg5+ Kd7 36. Rxd5+ exd5 37. Qf5+ 1-0

[Event "chess.com SpeedChess Q2Sw"]
[Site "chess.com INT"]
[Date "2022.11.12"]
[Round "5"]
[White "Alekseenko, Kirill"]
[Black "Duda, Jan-Krzysztof"]
[Result "0-1"]
[WhiteTitle "GM"]
[BlackTitle "GM"]
[WhiteElo "2687"]
[BlackElo "2731"]
[WhiteFideId "4135539"]
[BlackFideId "1170546"]
[EventDate "2022.11.12"]

1. e4 e5 2. Nf3 Nc6 3. Bc4 Bc5 4. d3 Nf6 5. Nc3 h6 6. h3 d6 7. Na4 Bb6 8. Nxb6
axb6 9. a3 Be6 10. Bxe6 fxe6 11. c3 O-O 12. O-O Qe8 13. Be3 Ne7 14. g3 Qb5 15.
b3 Rf7 16. Kg2 Raf8 17. c4 Qd7 18. b4 Nxe4 19. Nxe5 dxe5 20. dxe4 Qc6 21. Qc2
Nf5 22. b5 Nxe3+ 23. fxe3 Qc5 24. Qd3 Rxf1 25. Rxf1 Ra8 26. Qd7 Qxc4 27. Rf7
Qxe4+ 28. Kh2 Qc2+ 29. Kg1 Qg6 30. Rf3 e4 31. Rf2 Qxg3+ 32. Rg2 Qxe3+ 33. Kh2
Qf4+ 34. Rg3 Qe5 0-1

[Event "chess.com SpeedChess Q2Sw"]
[Site "chess.com INT"]
[Date "2022.11.12"]
[Round "5"]
[White "Goltseva, Ekaterina"]
[Black "Kosakowski, Jakub"]
[Result "0-1"]
[WhiteTitle "FM"]
[BlackTitle "IM"]
[WhiteElo "2265"]
[BlackElo "2475"]
[WhiteFideId "24173770"]
[BlackFideId "1185080"]
[EventDate "2022.11.12"]

1. d4 Nf6 2. c4 e6 3. Nc3 Bb4 4. g3 d6 5. Bg2 Bxc3+ 6. bxc3 O-O 7. Nf3 Nc6 8.
O-O e5 9. c5 Bf5 10. cxd6 cxd6 11. Ba3 Re8 12. Qb3 Qc7 13. dxe5 dxe5 14. Rfd1
Na5 15. Qa4 Nc4 16. Nd2 Nb6 17. Qb3 Rac8 18. Rac1 Bg4 19. f3 Be6 20. Qb2 Na4 21.
Qb4 Nxc3 22. Re1 Nfd5 23. Qb2 Qb6+ 0-1

[Event "chess.com SpeedChess Q2Sw"]
[Site "chess.com INT"]
[Date "2022.11.12"]
[Round "5"]
[White "Sairam, Pranav"]
[Black "Csonka, Balazs"]
[Result "1-0"]
[BlackTitle "IM"]
[WhiteElo "2018"]
[BlackElo "2497"]
[WhiteFideId "30951330"]
[BlackFideId "742910"]
[EventDate "2022.11.12"]

1. e4 e5 2. Nf3 Nc6 3. Bb5 a6 4. Bxc6 dxc6 5. Nc3 Qe7 6. d4 exd4 7. Nxd4 Bd7 8.
Be3 O-O-O 9. Qf3 Nf6 10. O-O g6 11. Rfe1 Bg7 12. h3 h5 13. e5 Qxe5 14. Bh6 Qxe1+
15. Rxe1 Rxh6 16. Nb3 Be6 17. Nc5 Bd5 18. Nxd5 Rxd5 19. Qb3 b6 20. Nxa6 c5 21.
Re7 Rd7 22. Qxf7 Rd1+ 23. Kh2 Ng4+ 24. hxg4 hxg4+ 25. Kg3 Be5+ 26. Rxe5 1-0

[Event "chess.com SpeedChess Q2Sw"]
[Site "chess.com INT"]
[Date "2022.11.12"]
[Round "5"]
[White "Primbetov, Kazbek"]
[Black "Djordjevic, Vuk"]
[Result "0-1"]
[WhiteTitle "FM"]
[BlackTitle "IM"]
[WhiteElo "2156"]
[BlackElo "2394"]
[WhiteFideId "13702297"]
[BlackFideId "902098"]
[EventDate "2022.11.12"]

1. d4 Nf6 2. Nf3 e6 3. e3 b6 4. Bd3 Bb7 5. Nbd2 c5 6. b3 cxd4 7. exd4 Nc6 8. a3
g5 9. Bb2 g4 10. Ne5 h5 11. O-O h4 12. c4 Rg8 13. Qe2 Nxe5 14. dxe5 Nh5 15. Be4
Qc7 16. Bxb7 Qxb7 17. Ne4 Be7 18. Rfd1 Rc8 19. Rd2 Rc7 20. Rad1 a5 21. Qe3 a4
22. b4 Rxc4 23. Bd4 h3 24. g3 b5 25. f3 gxf3 26. Kf2 Ng7 27. Bc5 Nf5 0-1

[Event "chess.com SpeedChess Q2Sw"]
[Site "chess.com INT"]
[Date "2022.11.12"]
[Round "5"]
[White "Rohith, Krishna S"]
[Black "Kirillov, Dmitry"]
[Result "1-0"]
[WhiteTitle "FM"]
[BlackTitle "FM"]
[WhiteElo "2380"]
[BlackElo "2195"]
[WhiteFideId "46617051"]
[BlackFideId "34180572"]
[EventDate "2022.11.12"]

1. Nf3 d5 2. g3 g6 3. d4 Bg7 4. Bg2 Nf6 5. O-O O-O 6. c4 c6 7. Ne5 Bf5 8. Nc3
Nbd7 9. cxd5 Nxe5 10. dxe5 Nxd5 11. Nxd5 cxd5 12. f4 Qb6+ 13. Kh1 e6 14. Qb3
Qxb3 15. axb3 a6 16. Be3 f6 17. Bd4 fxe5 18. fxe5 Rfc8 19. e3 Rc2 20. b4 Rac8
21. h3 h5 22. Ra5 Kf7 23. g4 hxg4 24. hxg4 Rh8+ 25. Kg1 Bf8 26. gxf5 gxf5 27. b5
Bb4 28. Ra4 a5 29. Raa1 Rhc8 30. Rf2 Rc1+ 31. Rxc1 Rxc1+ 32. Kh2 a4 33. Bf3 a3
34. bxa3 Bxa3 35. Ra2 Be7 36. Ra7 Rc2+ 37. Kg3 Rc7 38. Bh5+ Kg7 39. b6 Rd7 40.
Be8 Rd8 41. Bc6 1-0

[Event "chess.com SpeedChess Q2Sw"]
[Site "chess.com INT"]
[Date "2022.11.12"]
[Round "5"]
[White "Hamley, Ryan"]
[Black "Kopylov, Alexander A."]
[Result "0-1"]
[BlackTitle "IM"]
[WhiteElo "2080"]
[BlackElo "2397"]
[WhiteFideId "30959497"]
[BlackFideId "4164857"]
[EventDate "2022.11.12"]

1. d4 Nf6 2. Nf3 e6 3. Bf4 c5 4. e3 b6 5. Nbd2 Bb7 6. c3 cxd4 7. exd4 Be7 8. Bd3
O-O 9. O-O d6 10. Re1 a6 11. h3 Nbd7 12. Qe2 Re8 13. Bh2 Qc7 14. a4 Qc8 15. Nc4
Qc6 16. Ncd2 Nf8 17. c4 Ng6 18. a5 d5 19. axb6 Qxb6 20. c5 Qb4 21. Bxa6 Bc6 22.
Nf1 Ne4 23. Bd3 Bf6 24. Ng3 Bxd4 25. Rxa8 Rxa8 26. Nxe4 dxe4 27. Bxe4 Ne7 28.
Bxc6 Nxc6 29. Qe4 Rc8 30. Ng5 g6 31. Qf3 Qxe1# 0-1

[Event "chess.com SpeedChess Q2Sw"]
[Site "chess.com INT"]
[Date "2022.11.12"]
[Round "5"]
[White "Aaditya, Dhingra"]
[Black "Harshavardhan, G B"]
[Result "0-1"]
[WhiteTitle "CM"]
[BlackTitle "IM"]
[WhiteElo "2172"]
[BlackElo "2426"]
[WhiteFideId "25678191"]
[BlackFideId "25059009"]
[EventDate "2022.11.12"]

1. e4 e5 2. Nf3 Nc6 3. Bb5 a6 4. Bxc6 dxc6 5. O-O f6 6. d4 exd4 7. Nxd4 c5 8.
Nb3 Qxd1 9. Rxd1 Bg4 10. f3 Bd7 11. Nc3 O-O-O 12. Be3 b6 13. Bf4 c4 14. Nd2 Bc5+
15. Kf1 b5 16. Nd5 c6 17. b4 Ba7 18. Be3 Bxe3 19. Nxe3 Ne7 20. Kf2 Be6 21. Ndf1
Kc7 22. Ng3 Rxd1 23. Rxd1 a5 24. a3 Ra8 25. Ne2 Bd7 26. c3 Nc8 27. f4 Nd6 28.
Kf3 g5 29. g3 axb4 30. axb4 Ra2 31. e5 fxe5 32. fxg5 Nf7 33. h4 e4+ 34. Kf2 Ne5
35. Ng2 Bg4 36. Nf4 Nd3+ 37. Ke3 Nxf4 38. gxf4 Rxe2+ 39. Kd4 Rf2 40. Re1 Rxf4 0-1

[Event "chess.com SpeedChess Q2Sw"]
[Site "chess.com INT"]
[Date "2022.11.12"]
[Round "5"]
[White "Indjic, Aleksandar"]
[Black "Firat, Burak"]
[Result "1-0"]
[WhiteTitle "GM"]
[BlackTitle "GM"]
[WhiteElo "2631"]
[BlackElo "2460"]
[WhiteFideId "911925"]
[BlackFideId "6305881"]
[EventDate "2022.11.12"]

1. d4 d5 2. c4 e6 3. Nf3 Nf6 4. Nc3 c6 5. Bg5 h6 6. Bxf6 Qxf6 7. e3 g6 8. Ne5
Nd7 9. f4 Bg7 10. Qd2 O-O 11. h4 c5 12. g4 cxd4 13. exd4 Nxe5 14. dxe5 Qd8 15.
g5 dxc4 16. O-O-O Qxd2+ 17. Rxd2 a6 18. Bg2 Ra7 19. Ne4 b5 20. h5 Bb7 21. Nf6+
Bxf6 22. gxf6 Bxg2 23. Rxg2 g5 24. fxg5 hxg5 25. Rxg5+ Kh8 26. h6 Rd7 27. h7 b4
28. Rhg1 Rdd8 29. Kc2 a5 30. R1g4 Rc8 31. a3 c3 32. axb4 cxb2+ 33. Kxb2 Rb8 34.
Rg8+ 1-0

[Event "chess.com SpeedChess Q2Sw"]
[Site "chess.com INT"]
[Date "2022.11.12"]
[Round "5"]
[White "Terry, Renato"]
[Black "Dehtiarov, Roman"]
[Result "1-0"]
[WhiteTitle "IM"]
[BlackTitle "FM"]
[WhiteElo "2516"]
[BlackElo "2300"]
[WhiteFideId "3803457"]
[BlackFideId "14186640"]
[EventDate "2022.11.12"]

1. e4 e5 2. Nf3 Nc6 3. c3 Nf6 4. d4 exd4 5. e5 Ne4 6. Qe2 Nc5 7. cxd4 Ne6 8. d5
Ncd4 9. Nxd4 Nxd4 10. Qe4 c5 11. Bd3 g6 12. O-O Bg7 13. Nc3 O-O 14. d6 Rb8 15.
Nd5 Nc6 16. f4 b6 17. Bb5 Nd4 18. Ne7+ Kh8 19. Bc4 Bb7 20. Bd5 Bxd5 21. Qxd5 f6
22. Bd2 Nc6 23. Nxc6 dxc6 24. Qe4 f5 25. Qc4 Qd7 26. Bc3 Rfe8 27. Rfd1 Re6 28.
a4 Rbe8 29. a5 g5 30. g3 gxf4 31. gxf4 Bh6 32. Kh1 Rg8 33. Rg1 Rxg1+ 34. Rxg1
Qe8 35. Rd1 Qh5 36. Rf1 Re8 37. e6+ Kg8 38. e7+ 1-0

[Event "chess.com SpeedChess Q2Sw"]
[Site "chess.com INT"]
[Date "2022.11.12"]
[Round "5"]
[White "Boruchovsky, Avital"]
[Black "Sevian, Samuel"]
[Result "1-0"]
[WhiteTitle "GM"]
[BlackTitle "GM"]
[WhiteElo "2552"]
[BlackElo "2687"]
[WhiteFideId "2800055"]
[BlackFideId "2040506"]
[EventDate "2022.11.12"]

1. e4 e5 2. Nc3 Nf6 3. f4 d5 4. fxe5 Nxe4 5. Qf3 Nxc3 6. bxc3 Nc6 7. d4 Be7 8.
Bd3 Be6 9. Ne2 Qd7 10. O-O O-O-O 11. Nf4 g6 12. a4 Na5 13. Bb5 c6 14. Bd3 Nc4
15. Qe2 Bg4 16. Qf2 Rhe8 17. h3 Be6 18. a5 a6 19. Bxc4 dxc4 20. Ba3 f5 21. Bxe7
Rxe7 22. Rab1 Bd5 23. Rb6 Be4 24. Rfb1 Qe8 25. R6b4 g5 26. Ne2 Bxc2 27. R1b2 Be4
28. d5 Kb8 29. d6 Red7 30. Qc5 Ka8 31. Nd4 Bd5 32. Re2 g4 33. e6 Rxd6 34. Rxb7
Kxb7 35. Qb6+ Kc8 36. Qxa6+ Kc7 37. Qa7+ Kc8 38. Rb2 1-0

[Event "chess.com SpeedChess Q2Sw"]
[Site "chess.com INT"]
[Date "2022.11.12"]
[Round "5"]
[White "Svane, Frederik"]
[Black "Theodorou, Nikolas"]
[Result "0-1"]
[WhiteTitle "GM"]
[BlackTitle "GM"]
[WhiteElo "2568"]
[BlackElo "2598"]
[WhiteFideId "12923044"]
[BlackFideId "4262875"]
[EventDate "2022.11.12"]

1. e4 c5 2. Nf3 Nc6 3. Bb5 e6 4. O-O Nge7 5. Re1 a6 6. Bf1 d5 7. exd5 Nxd5 8. d4
cxd4 9. Nxd4 Bd7 10. c4 Nf6 11. Nf3 Bc5 12. Be3 Qb6 13. Bxc5 Qxc5 14. Nc3 O-O
15. a3 a5 16. Na4 Qe7 17. Qb3 Rab8 18. Rad1 Rfd8 19. h3 h6 20. Qb6 Be8 21. Nc5
Rdc8 22. Rd2 Nd8 23. Ne4 Nxe4 24. Rxe4 Qc7 25. Qxc7 Rxc7 26. b4 axb4 27. axb4
Kf8 28. Ne5 Nc6 29. Nxc6 Bxc6 30. Red4 Ke7 31. c5 Be8 32. Rd6 Ra8 33. f3 Ra1 34.
Kf2 Rb1 35. Rb6 Bc6 36. Bd3 Rc1 37. Be4 Bxe4 38. fxe4 Kf6 39. Rd8 Ke5 40. Rb8
Rd7 41. R8xb7 Rd2+ 42. Kg3 Rcc2 43. Rxf7 Rxg2+ 44. Kh4 Rc4 45. Kh5 Rg5+ 0-1

[Event "chess.com SpeedChess Q2Sw"]
[Site "chess.com INT"]
[Date "2022.11.12"]
[Round "5"]
[White "Rasulov, Vugar"]
[Black "Lazavik, Denis"]
[Result "1-0"]
[WhiteTitle "GM"]
[BlackTitle "IM"]
[WhiteElo "2525"]
[BlackElo "2529"]
[WhiteFideId "13402390"]
[BlackFideId "13515110"]
[EventDate "2022.11.12"]

1. e4 e5 2. Nf3 Nc6 3. Nc3 Nf6 4. d4 exd4 5. Nxd4 Bb4 6. Nxc6 bxc6 7. Bd3 O-O 8.
O-O d5 9. exd5 cxd5 10. Bg5 c6 11. Qf3 h6 12. Bxf6 Qxf6 13. Qxf6 gxf6 14. Ne2
Rb8 15. b3 Re8 16. Rad1 Bc5 17. h3 Be6 18. Nf4 Bd6 19. Nh5 Be5 20. Rde1 Bd4 21.
g4 c5 22. Kg2 c4 23. Bf5 Kf8 24. Nf4 Bxf5 25. gxf5 cxb3 26. cxb3 Re5 27. Rxe5
fxe5 28. Nxd5 Rd8 29. Nf6 Rc8 30. Ne4 Rc2 31. Kf3 Rxa2 32. Rc1 Rb2 33. f6 Ke8
34. Rc7 Rxb3+ 35. Kg4 h5+ 36. Kxh5 Rxh3+ 37. Kg4 Rh2 38. Re7+ Kf8 39. Rb7 Ke8
40. Nd6+ Kd8 41. Nxf7+ Kc8 42. Nd6+ Kd8 43. Kf5 Bc5 44. Ke6 Bxd6 45. Kxd6 Kc8
46. Rxa7 Rxf2 47. f7 e4 48. Ra8+ 1-0